LEADER 00957nam0-22003011i-450- 001 990004371430403321 005 20051020114146.0 010 $a88-425-1641-4 035 $a000437143 035 $aFED01000437143 035 $a(Aleph)000437143FED01 035 $a000437143 100 $a19990604d1994----km-y0itay50------ba 101 0 $aita 105 $af-------00--- 200 1 $a<>poetesse di Dio$eL'esperienza mistica femminile nel Medioevo$fGeorgette Epiney-Burgard, Emilie Zum Brunn$gedizione italiana a cura di Donatella Bremer Buono 210 $aMilano$cMursia$dc1994 215 $a259 p., c. di tav.$d22 cm 676 $a248.220922$v21$zita 700 1$aEpiney-Burgard,$bGeorgette$0175035 701 1$aZum Brunn,$bEmilie$0175036 801 0$aIT$bUNINA$gRICA$2UNIMARC 901 $aBK 912 $a990004371430403321 952 $a248.22 EPI 1$bBIBL.31623$fFLFBC 959 $aFLFBC 996 $aPoetesse di Dio$9540874 997 $aUNINA LEADER 00888nam0-22003131i-450 001 990003161390403321 005 20181030111910.0 035 $a000316139 035 $aFED01000316139 035 $a(Aleph)000316139FED01 100 $a20030910d1968----km-y0itay50------ba 101 0 $aita 102 $aIT 105 $aa-------001yy 200 1 $a<>porto in una economia programmata$fFrancesco Paolo Sgarro 210 $aRoma$cBollettino informazioni marittime$d1968 215 $a210 p.$cill.$d24 cm 610 0 $aPorti$aItalia 700 1$aSgarro,$bFrancesco Paolo$0120097 801 0$aIT$bUNINA$gRICA$2UNIMARC 901 $aBK 912 $a990003161390403321 952 $aH/3.41 SGA$b3887/I$fSES 952 $aP1/61$b1316$fDINTR 952 $aP1/64$b2140$fDINTR 959 $aSES 959 $aDINTR 996 $aPorto in una economia programmata$9459012 997 $aUNINA